| 000 | 00642nam a2200205 4500 | ||
|---|---|---|---|
| 001 | 143498 | ||
| 003 | ES-MaACL | ||
| 007 | t| | ||
| 008 | 070214s1984 sp r ||||1| spa d | ||
| 100 | 1 |
_aSert, Misia. _9105846 |
|
| 245 | 1 | 0 |
_aMisia / _cMisia Sert ; traducción, prólogo y notas de Francisco Sert. |
| 250 | _a2ª ed. | ||
| 260 |
_aBarcelona : _bTusquets, _c1984 ( _fGráf. Diamante) |
||
| 300 |
_a256 p., 16 lám. ; _c21 cm. |
||
| 490 | 1 |
_aColección Andanzas ; _v10 |
|
| 700 | 1 |
_aSert, Francisco. _9105843 |
|
| 830 | 0 | 0 |
_aColección Andanzas _v10 _9234359 |
| 852 |
_aES-MaACL _jL-6238 _bR.106961 |
||
| 999 |
_c143498 _d143498 |
||